|
|
|
|
| LEADER |
01281nam a22003492a 4500 |
| 001 |
001455572 |
| 003 |
CZ BrMZK |
| 005 |
20150216091610.0 |
| 007 |
ta |
| 008 |
150211s1954 xr er|||||||||||cze d |
| 015 |
|
|
|a cnb000217233
|z cnb000622523
|
| 020 |
|
|
|q (Váz.)
|
| 035 |
|
|
|a (OCoLC)42437844
|
| 040 |
|
|
|a ABA001
|b cze
|d BOA001
|
| 072 |
|
7 |
|a 821.162.3-1
|x Česká poezie
|2 Konspekt
|9 25
|
| 080 |
|
|
|a 885.0-1
|
| 100 |
1 |
|
|a Fried, Jiří,
|d 1923-1999
|7 jk01031928
|4 aut
|
| 245 |
1 |
0 |
|a Rozsvícená okna /
|c Jiří Fried
|
| 250 |
|
|
|a 1. vyd.
|
| 260 |
|
|
|a Praha :
|b Československý spisovatel,
|c 1954
|
| 300 |
|
|
|a 69 s. ;
|c 22 cm
|
| 490 |
1 |
|
|a České básně ;
|v sv. 135
|
| 500 |
|
|
|a 2000 výt.
|
| 500 |
|
|
|a Dostupné též v digitální podobě v aplikaci Kramerius
|
| 655 |
|
7 |
|a poezie
|7 fd131936
|2 czenas
|
| 830 |
|
0 |
|a České básně (Československý spisovatel)
|0 s
|
| 856 |
4 |
1 |
|u http://www.digitalniknihovna.cz/mzk/uuid/uuid:862d2cb0-b607-11e2-b6da-005056827e52
|y Digitalizovaný dokument
|x NDK
|
| 910 |
|
|
|a BOA001
|b 2-0332.345
|
| 990 |
|
|
|a BK
|
| 991 |
|
|
|b 201502
|
| 996 |
6 |
|
|b 2618996657
|c 2-0332.345
|l MZK
|r Sklad / do 24 hodin
|n 0
|w 001490577
|u 000010
|a 1
|e BOA001
|j MZK50
|s P
|
| 996 |
7 |
|
|b 2618996658
|c 2-0332.345
|l MZK
|r Sklad / do 24 hodin
|n 0
|w 001490577
|u 000020
|a 1
|e BOA001
|j MZK50
|s A
|